000 01546namaa22003131i 4500
005 20260411131328.0
008 260224s1995 ua a|||frm||| 000 0 eng d
040 _aEG-GICUC
_beng
_cEG-GICUC
_dEG-GICUC
_erda
041 0 _aeng
_beng
_bara
049 _aDeposit
097 _aM.Sc
099 _aCai01.09.04.M.Sc.1995.Da.H.
100 0 _aDalia Hussein EL Rouby,
_epreparation.
245 1 0 _aHistological, Histochemical And Electron Microscopic Study On The Salivary Glands Of Rats After Alloxan Diabetes And Insulin /
_cBy Dalia Hussein EL Rouby; Supervised By Prof.Dr. Salah Hamed Sherif, Dr. Sahar Abdel Raouf Aggour.
246 1 5 _aدراسة هستولوجية وهستوكيميائية وبلميكروسوب الاكتروني على الغدد اللعابية للفئران بعد احداث مرض السكر بمادة الالوكسان وعلاجه بمادة الأنسولين
264 0 _c1995.
300 _a138 Leaves :
_billustrations ;
_c30 cm. +
336 _2rda content
_atext
337 _2rdamedia
_aUnmediated
338 _2rdacarrier
_avolume
502 _aThesis (M.Sc.)-Cairo University, 1995.
504 _aBibliography: pages 125-138.
653 0 _aOral Pathology
700 0 _aSalah Hamed Sherif
_ethesis advisor.
700 0 _aSahar Abdel Raouf Aggour
_ethesis advisor.
900 _DDepartment of Oral Pathology
_FFaculty of Oral And Dental Medicine
_UCairo University
_b1995
_cSalah Hamed Sherif
_cSahar Abdel Raouf Aggour
905 _aEman El gebaly
_eNourhan
942 _2ddc
_cTH
_e21
_n0
999 _c178685